|
|
|
|
| LEADER |
00000nam a22000007a 4500 |
| 005 |
2021090708258.0 |
| 007 |
cr|||| ||| |
| 008 |
210907s2020 eu |||||s|||| 00||0 eng d |
| 020 |
|
|
|a 978-92-76-18983-1
|
| 035 |
|
|
|a 34127
|
| 040 |
|
|
|a vLex
|
| 090 |
|
|
|c 12282
|d 12282
|
| 100 |
1 |
|
|a Pavlou, Vera
|
| 245 |
1 |
0 |
|a Country report, gender equality
|h [Recurso electrn̤ico] :
|b How are EU rules transposed into national law? Cyprus 2020 /
|c Vera Pavlou
|
| 256 |
|
|
|a Servicio en ln̕ea
|
| 260 |
|
|
|a Bruselas:
|b European Union Publications Office,
|c 2020
|
| 300 |
|
|
|a 1 recurso electrn̤ico
|
| 500 |
|
|
|a Cyprus is a unitary presidential republic. Until 1960, when Cyprus became independent, the legal system was based on the English legal system, which applied the principles of common law and equity. Following independence in 1960 the English legal system was largely preserved. Currently, the following laws are applicable: the Constitution, the laws in force under Article 188 of the Constitution, the principles of common law and equity and the laws enacted by the Parliament. With the accession to the EU, the Constitution of Cyprus was amended to incorporate the supremacy of EU law over national law.
|
| 506 |
1 |
|
|a Disponible solo en los productos indicados
|d vLex Global
|d vLex Global (Academic Edition, excluding Law Schools)
|d vLex Global (U.S. Academic Edition, Law Schools)
|d vLex Global (U.S. Academic Edition, excluding Law Schools)
|d vLex Global (Academic Edition, Law Schools)
|
| 650 |
0 |
4 |
|a Derecho Constitucional
|z Unin̤ Europea
|
| 650 |
0 |
4 |
|a Derecho Comunitario
|z Unin̤ Europea
|
| 740 |
0 |
|
|a vLex Libros (Servicio en ln̕ea)
|
| 856 |
4 |
0 |
|u https://app.vlex.com/#/sources/34127
|z Acceso restringido
|
| 942 |
|
|
|c BOOK
|
| 999 |
0 |
|
|a Constitutional Law
|
| 999 |
0 |
|
|a Community Law
|